Date fondamentali della storia contemporanea - Statistics

Statistiche generali
  • Questo quiz è stato fatto 455 volte
  • Il punteggio medio è 23 su 25
Statistiche sulle risposte
Evento Data % Corretto
Fine della prima guerra mondiale 1918
98%
Fine della Seconda Guerra Mondiale 1945
98%
Inizio della rivoluzione francese 1789
97%
Unità d'Italia 1861
97%
Inizio della prima guerra mondiale 1914
97%
Salita al potere di Mussolini in Italia 1922
97%
Inizio della Seconda Guerra Mondiale 1939
97%
Crollo del muro di Berlino: fine della Guerra Fredda 1989
97%
Attentato alle Torri Gemelle di New York 2001
97%
Introduzione dell'Euro, moneta unica europea 2002
97%
Inizio della pandemia di covid-19 2019
97%
Crollo della borsa di New York: grande depressione 1929
96%
Salita al potere di Hitler in Germania 1933
96%
Nascita della Repubblica Italiana 1946
96%
Inizio della rivoluzione russa 1917
95%
Dissoluzione dell'Unione Sovietica 1991
94%
Congresso di Vienna: fine dell'era napoleonica 1815
89%
Costruzione del muro di Berlino 1961
88%
Trattati di Roma: nascita della Comunità Economica Europea 1957
86%
Incoronazione di Napoleone Buonaparte a imperatore 1804
84%
Unificazione tedesca 1871
79%
L'indipendenza di 17 ex colonie sancisce l'"anno dell'Africa" 1960
78%
Serie di rivoluzioni note come "primavera dei popoli" 1848
76%
Ad Atene si tiene la prima edizione dei giochi olimpici moderni 1896
73%
A Londra si tiene la prima esposizione universale 1851
68%
Nessun quiz corrispondente trovato
Distribuzione punteggi
Percentuale di utenti per punteggio
Percentile per numero di risposta
I tuoi punteggi nel tempo
Non hai fatto questo quiz